Macintosh hands-on Pascal

Bibliographic Details
Format: Book

MARC

LEADER 00000cam a2200000 7i4500
001 0000008311
002 000009063
005 20000330.0
020 |a 0534063543 
090 0 0 |a 001.6224   |b LEW 
245 1 0 |a Macintosh hands-on Pascal 
999 |a 0009223   |b BUKU   |c PINJAMAN   |e PERPUSTAKAAN KOMUNITI PETALING JAYA